000 00806nam a2200265 a 4500
001 000022686
005 20200930021734.0
008 101115s1998 sp r 000 j spa d
020 _a8483100487
040 _aDO-SdBNP
_bspa
_cBNPHU
082 _a833. 914
_bJ22t
100 1 _aJaeggy, Fleur
_d1940-
_946640
240 1 3 _aLa paura del cielo.
_lEspañol
245 1 3 _aEl temor del cielo /
_cFleur Jaeggy; traducción de Flavia Company.
250 _aBarcelona, (España):
_bTusquets Editores,
260 _a1994.
300 _a136 p. ;
_c21 cm.
490 1 _aAndanzas
_v323
534 _aTítulo original :
_tLa paura del cielo
650 4 _aCuentos suizos
_946641
650 4 _aLiteratura suiza
_946642
700 1 _aCompany, Flavia
_etr.
_946643
830 0 _aAndanzas;
_v323
_918113
049 _aBNGR
999 _c22183
_d22183